000
00332nam a22001457a 4500
008
210528b ||||| |||| 00| 0 eng d
020
_a
9780538625418
041
_a
eng
080
_a
339.138
082
_a
339.138
100
_a
61
101
_a
MAR
245
_a
Marketing Foundations and Functions
_c
Burrow,J
942
_2
udc
_c
BK
999
_c
57800
_d
57800